000 00904cam a22002891i 4500
001 he 66000463
003 DLC
005 20260227111436.0
008 800624s1965 is ab 001 0 heb
010 _ahe 66000463
035 _a(OCoLC)6454559
040 _aDLC
_cDNAL
_dDLC
042 _apremarc
050 0 0 _aQK378
_b.E3 1965
070 0 _aQK378.E3
_b1965
072 0 _aF700
100 1 _aEig, Alexander,
_d1894-1938.
242 0 0 _aPlant nomenclature of the land of Israel.
245 1 0 _aMagdir le-t͡simhe Eret͡s-Yisrael /
_cme'et A. Eig, M. Zohari, N. Feinbrun.
260 _aYerushalayim :
_bHamagdir,
_c5725 [1965].
300 _a67, 514 p. :
_bill., map ;
_c22 cm.
500 _aAdded t.p.: Analytical flora of Palestine.
500 _aIncludes indexes.
700 1 _aZohary, Michael,
_d1898-
700 2 _aFeinbrun-Dothan, Naomi,
_d1900-
740 0 _aAnalytical flora of Palestine.
999 _c31588
_d31588